<?xml version="1.0" encoding="UTF-8"?>
<record
    xmlns:xsi="http://www.w3.org/2001/XMLSchema-instance"
    xsi:schemaLocation="http://www.loc.gov/MARC21/slim http://www.loc.gov/standards/marcxml/schema/MARC21slim.xsd"
    xmlns="http://www.loc.gov/MARC21/slim">

  <leader>00687cam a22002177  4500</leader>
  <controlfield tag="001">a4459320</controlfield>
  <controlfield tag="003">CO-ViMGA</controlfield>
  <controlfield tag="005">20230915224038.0</controlfield>
  <controlfield tag="008">090406s2009    sp a   | |||| 000 1 spa  </controlfield>
  <datafield tag="020" ind1=" " ind2=" ">
    <subfield code="a">9788423694921</subfield>
  </datafield>
  <datafield tag="040" ind1=" " ind2=" ">
    <subfield code="a">CO-ViMGA</subfield>
    <subfield code="b">spa</subfield>
    <subfield code="c">CO-ViMGA</subfield>
  </datafield>
  <datafield tag="082" ind1=" " ind2=" ">
    <subfield code="a">I 793.735 </subfield>
    <subfield code="b">M752a</subfield>
  </datafield>
  <datafield tag="100" ind1="1" ind2=" ">
    <subfield code="a">Monreal, Violeta</subfield>
    <subfield code="d">1963-</subfield>
    <subfield code="9">9021</subfield>
  </datafield>
  <datafield tag="245" ind1="1" ind2="0">
    <subfield code="a">Adivinanzas de nuestra tierra /</subfield>
    <subfield code="h">[Texto impreso]</subfield>
    <subfield code="c">texto e ilustraci&#xF3;n, Violeta Monreal</subfield>
  </datafield>
  <datafield tag="250" ind1=" " ind2=" ">
    <subfield code="a">1&#xAE; ed. en este formato</subfield>
  </datafield>
  <datafield tag="260" ind1=" " ind2=" ">
    <subfield code="a">Barcelona</subfield>
    <subfield code="b">Edeb</subfield>
    <subfield code="c">2009.</subfield>
  </datafield>
  <datafield tag="300" ind1=" " ind2=" ">
    <subfield code="a">[30] p.</subfield>
    <subfield code="b">il. col.</subfield>
    <subfield code="c">22 cm.</subfield>
  </datafield>
  <datafield tag="490" ind1="0" ind2=" ">
    <subfield code="a">Tren azul. Mis cuentos favoritos</subfield>
  </datafield>
  <datafield tag="650" ind1=" " ind2="7">
    <subfield code="a">Adivinanzas</subfield>
    <subfield code="v">Libros infantiles</subfield>
    <subfield code="2">embne</subfield>
    <subfield code="9">9022</subfield>
  </datafield>
  <datafield tag="942" ind1=" " ind2=" ">
    <subfield code="2">ddc</subfield>
    <subfield code="c">BK</subfield>
  </datafield>
  <datafield tag="999" ind1=" " ind2=" ">
    <subfield code="c">11133</subfield>
    <subfield code="d">11133</subfield>
  </datafield>
  <datafield tag="952" ind1=" " ind2=" ">
    <subfield code="0">0</subfield>
    <subfield code="1">0</subfield>
    <subfield code="2">ddc</subfield>
    <subfield code="4">0</subfield>
    <subfield code="7">0</subfield>
    <subfield code="8">001</subfield>
    <subfield code="a">MEVIGAEMP</subfield>
    <subfield code="b">MEVIGAEMP</subfield>
    <subfield code="d">2017-04-28</subfield>
    <subfield code="l">0</subfield>
    <subfield code="o">I 793.735 M752a</subfield>
    <subfield code="p">031914</subfield>
    <subfield code="r">2017-04-28 00:00:00</subfield>
    <subfield code="w">2017-04-28</subfield>
    <subfield code="y">BK</subfield>
  </datafield>
</record>
